Spôsob sanácie podkladu štrkového lôžka koľaje a zariadenaia na vykonávanie tohto spôsobu. E 01B 27/08

Bibliographic Details
Main Author: Theurer, Josef (Author)
Format: Book
Language:Undetermined
PhysicalDescription:5 s.
Published: Banská Bystrica Úrad priemyselného vlastníctva SR 2001

MARC

LEADER 00000nam a2200000 a 4500
001 vtls001416157
003 SK-MaSNL
005 20260301162248.0
008 240315sm y0 xo 0 und
035 |a SNK000370906 
040 |a SNK  |b slo  |c SNK  |e AACR2 
044 |a xo  |c SK 
100 1 |a Theurer, Josef  |4 aut  |9 283735 
245 1 |a Spôsob sanácie podkladu štrkového lôžka koľaje a zariadenaia na vykonávanie tohto spôsobu. E 01B 27/08 
260 |a Banská Bystrica  |b Úrad priemyselného vlastníctva SR  |c 2001 
300 |a 5 s. 
999 |c 812596  |d 814526 
952 |t P60, <04>, [BOOK], {604}  |a SNK  |b SNK  |y VYP  |7 0  |p 17A0305353  |o snkSK 281306  |i snkPS 625/2001  |0 0  |1 0  |4 0  |d 2001-07-02  |l 0  |r 2005-01-02 00:00:00  |w 2026-02-24